| 000 | 00949cam a2200289 a 4500 | ||
|---|---|---|---|
| 001 | 13080975 | ||
| 005 | 20170105102411.0 | ||
| 008 | 030204s2004 mau 001 0 eng | ||
| 010 | _a 2003101699 | ||
| 020 | _a0312406851 (pbk.) | ||
| 035 | _a(DLC) 2003101699 | ||
| 040 |
_aDLC _cDLC _dDLC |
||
| 050 | 0 | 0 |
_aPE1408 _b.H277 2004 |
| 082 | _a808.042 HAC | ||
| 100 | 1 |
_aHacker, Diana, _d1942-2004. |
|
| 245 | 1 | 0 |
_aRules for writers _cDiana Hacker. |
| 250 | _a5th ed. | ||
| 260 |
_aBoston : _bBedford/St. Martin's, _cc2004. |
||
| 300 |
_axxxiv, 585 p. ; _c21 cm. |
||
| 500 | _aIncludes index. | ||
| 650 | 0 |
_aEnglish language _xRhetoric _vHandbooks, manuals, etc. |
|
| 650 | 0 |
_aEnglish language _xGrammar _vHandbooks, manuals, etc. |
|
| 650 | 0 |
_aReport writing _vHandbooks, manuals, etc. |
|
| 906 |
_a7 _bcbc _corignew _d3 _eepcn _f20 _gy-gencatlg |
||
| 942 |
_2ddc _cBK |
||
| 999 |
_c12930 _d12930 |
||